000 00349pab a2200133 454500
008 180718b2004 xxu||||| |||| 00| 0 eng d
100 _aBrown, Andrew D.
245 _aAuthoritative sense making in a public inquiry report
260 _c2004
300 _ap.95-112.
650 _aPublic inquiries
773 _aOrganization Studies
909 _a59539
999 _c59539
_d59539